000 00316nam a2200133Ia 4500
003 OSt
005 20240306102927.0
008 170524s9999 xx 000 0 und d
020 _a978-8120335110
040 _cIIMTU MEERUT
100 _aPAL CHAUDHARY- P.
245 0 _aCOMPUTER ORGANIZATION & DESIGN
942 _2ddc
_c02
999 _c3300
_d3300